000 00462nam a2200193Ia 4500
008 240510s9999 xx 000 0 und d
020 _a0000471585521
041 _aEng
082 _a004
082 _bI56
100 _aIMPAGLIAZZO J. & NAGIN P.
245 0 _aCOMPUTER SCIENCE : A Breadth -First Approach with C
260 _bTORANTO : JOHN WILEY
260 _c1995
300 _a746 p.
650 _aCOMPUTER SCIENCE
942 _2ddc
942 _cRBK
999 _c26901
_d26901
945 _a1
_bMadushi Gamage
_c1
_dMadushi Gamage